| 000 | 00761nam a2200205Ia 4500 | ||
|---|---|---|---|
| 003 | GCL | ||
| 008 | 140319s9999 xx 000 0 ara d | ||
| 040 |
_aGCL / _cGCL |
||
| 082 | 0 | 4 |
_a212.5 _bى ع |
| 100 | 1 | _aابواسماعيل هشام بن اسماعيل | |
| 245 | 1 | 0 |
_aالعقد التمام : فيمن زوجه النبى عليه الصلاه والسلام / _cابواسماعيل هشام بن اسماعيل |
| 700 | 1 | _aيوسف بن حسن عبدالهادى | |
| 700 | 1 | _aابى عبدالله محمود بن محمد | |
| 260 |
_a[S.N] : _bدار عالم الكتب للنشر والتوزيع ، _c1985 |
||
| 300 | _a39 ص | ||
| 490 | _a | ||
| 650 | 0 | 4 | _aالزواج |
| 650 | 0 | 4 | _aالشريعة الاسلامية |
| 942 |
_2ddc _cBK |
||
| 999 |
_c35960 _d35960 |
||